Discurso pronunciado en la solemne inauguración del año académico de 1858 a 1859 en la Universidad Central : (Record no. 20373)

MARC details
000 -LEADER
campo de control de longitud fija 01063nam a2200241 i 4500
001 - NÚMERO DE CONTROL
campo de control 20373
003 - IDENTIFICADOR DE NÚMERO DE CONTROL
campo de control ES-MaACL
005 - FECHA Y HORA DE LA ÚLTIMA TRANSACCIÓN
campo de control 20250814013814.0
007 - CAMPO FIJO DE DESCRIPCIÓN FÍSICA--INFORMACIÓN GENERAL
campo de control de longitud fija t|
008 - DATOS DE LONGITUD FIJA--INFORMACIÓN GENERAL
campo de control de longitud fija 021112s1858 sp |||| | spa d
100 1# - ENTRADA PRINCIPAL--NOMBRE DE PERSONA
Nombre de persona Aguilar y Vela, Antonio,
Fechas asociadas al nombre 1820-1882
9 (RLIN) 18755
245 10 - MENCIÓN DEL TÍTULO
Título Discurso pronunciado en la solemne inauguración del año académico de 1858 a 1859 en la Universidad Central :
Resto del título [tema: Importancia y necesidad del estudio de las ciencias] /
Mención de responsabilidad, etc. por el doctor D. Antonio Aguilar y Vela.
260 ## - PUBLICACIÓN, DISTRIBUCIÓN, ETC.
Lugar de publicación, distribución, etc. Madrid :
Nombre del editor, distribuidor, etc. [s.n.,
Fecha de publicación, distribución, etc. 1858] (
Fabricante Imp. Nacional)
300 ## - DESCRIPCIÓN FÍSICA
Extensión 30 p. ;
Dimensiones 23 cm.
530 ## - NOTA DISPONIBLE DE FORMULARIO FÍSICO ADICIONAL
Nota de formato físico adicional disponible Disponible en formato digital.
650 #7 - PUNTO DE ACCESO ADICIONAL DE MATERIA--TÉRMINO DE MATERIA
Término de materia o nombre geográfico como elemento de entrada Ciencias
Fuente del encabezamiento o término embne
9 (RLIN) 10971
710 2# - ENTRADA AGREGADA--NOMBRE DE ENTIDAD CORPORATIVA
Nombre de entidad corporativa o nombre de jurisdicción como elemento de entrada Universidad Central (Madrid)
9 (RLIN) 7084
740 02 - ENTRADA AGREGADA--TÍTULO RELACIONADO/ANALÍTICO NO CONTROLADO
Título relacionado o analítico no controlado Importancia y necesidad del estudio de las ciencias.
852 4# - LOCALIZACIÓN
Ubicación ES-MaACL
Número de control de estantería T-10-F-14
852 4# - LOCALIZACIÓN
Ubicación ES-MaACL
Número de control de estantería T-385-F-21
Nota libre - Sello de "Los Escolares Médicos"
856 4# - LOCALIZACIÓN Y ACCESO ELECTRÓNICOS
Identificador Uniforme de Recursos <a href="http://bibliotecavirtualdefensa.es/BVMDefensa/es/consulta/registro.do?id=45512">http://bibliotecavirtualdefensa.es/BVMDefensa/es/consulta/registro.do?id=45512</a>
Nota pública Biblioteca Virtual de Defensa
Holdings
Estatus retirado Estado de pérdida Estado de daño No para préstamo Colección Biblioteca de origen Biblioteca actual Ubicación en estantería Fecha de adquisición Fuente de adquisición Total de préstamos Signatura topográfica completa Código de barras Visto por última vez Precio de reemplazo Tipo de ítem Koha
        Colección de folletos Biblioteca del Ateneo de Madrid Biblioteca del Ateneo de Madrid Depósito folletos 16/09/2009     T-385-F-21 1181457 23/02/2023 23/02/2023 Folleto
        Colección de folletos Biblioteca del Ateneo de Madrid Biblioteca del Ateneo de Madrid Depósito folletos 17/01/2008     T-10-F-14 1020896 23/02/2023 23/02/2023 Folleto